Condicionamiento físico: el afianzamiento progresivo de la salud
Uloženo v:
| Hlavní autoři: | , , |
|---|---|
| Médium: | Kniha |
| Jazyk: | španělština |
| Vydáno: |
Barcelona
Hispano Europea
1982
|
| Edice: | Colección Heracles. Serie Cultura Física
|
| Témata: | |
| Tagy: |
Přidat tag
Žádné tagy, Buďte první, kdo vytvoří štítek k tomuto záznamu!
|
MARC
| LEADER | 00000nam a2200000 a 4500 | ||
|---|---|---|---|
| 001 | UCW4333 | ||
| 003 | CL-VaPUC | ||
| 008 | 900111e19820000SP |||||||||||||||||spa|d | ||
| 082 | 0 | 4 | |a 796.077 |b CHE |2 21 |
| 100 | 0 | |a Chevalier, Richard |e author |9 309039 | |
| 700 | 0 | |a Laferriere, Serge |e author |9 309040 | |
| 700 | 0 | |a Bergeron, Yves |e author |9 309041 | |
| 245 | 1 | 0 | |a Condicionamiento físico: el afianzamiento progresivo de la salud |
| 300 | |a 218 p | ||
| 942 | |c BK | ||
| 945 | |d 19900111 00:00:00 | ||
| 260 | |a Barcelona |b Hispano Europea |c 1982 | ||
| 650 | 0 | |a Aptitudes físicas |9 308579 | |
| 650 | 0 | |a Educación física |9 240893 | |
| 650 | 0 | |a Fuerza muscular |9 307400 | |
| 583 | |a last modification |c 19900111 00:00:00 |k Rodrigo Vera | ||
| 490 | 0 | |a Colección Heracles. Serie Cultura Física | |
| 999 | |c 218100 |d 218098 | ||
| 952 | |0 0 |1 0 |4 0 |6 796_077000000000000_CHE_1982 |7 0 |8 P |9 207038 |a BIBEDU |b BIBEDU |c BIBEDU_PB |d 2019-11-15 |i 2748126 |o 796.077 CHE 1982 |p 2748126 |r 2024-01-25 |w 2019-11-15 |y BK |k EDU | ||